000 00334nam a22001337a 4500
020 _a0-08-025463-2
082 _a671.3 HAR'M
100 _aHARRIS, JOHN NOEL
_965843
245 _aMECHANICAL WORKING OF METALS, THEORY AND PRACTICE
260 _aOXFORD
_bPERGMAN
_c1983
300 _a243P
650 _aMETAL WORK
_934700
942 _cBK
999 _c573938
_d573938